000
003030000a22001330004500
003
MACL
040
_a
MACL
090
_c
42274
_d
42272
100
_a
Mansing, Sonal
245
_a
Incredible India
_b
Classical Dances
260
_b
Wisdom Tree
_c
2007
650
_a
Stage Presentation
942
_c
BOOK
_k
792/MAN
999
_c
41826
_d
41826